Heat and thermodynamics : A intermediate book

The book composes two parts: The first part being devoted to fundamental concepts, design to be core of an introductory course in thermodynamics, and the second part, starting with a chapter on elementary statistical mechanics, designed to enable the teacher to choose those applications which requir...

詳細記述

保存先:
書誌詳細
第一著者: Zemansky, Mark Waldo
フォーマット: 図書
言語:Undetermined
出版事項: Aukland McGraw - Hill 1981
主題:
タグ: タグ追加
タグなし, このレコードへの初めてのタグを付けませんか!
Thư viện lưu trữ: Trung tâm Học liệu Trường Đại học Cần Thơ
LEADER 01644nam a2200217Ia 4500
001 CTU_15447
008 210402s9999 xx 000 0 und d
020 |c 69.95 
082 |a 536 
082 |b Z41 
100 |a Zemansky, Mark Waldo 
245 0 |a Heat and thermodynamics : 
245 2 |b A intermediate book 
245 0 |c Mark Waldo Zemansky, Richard H Dittman 
260 |a Aukland 
260 |b McGraw - Hill 
260 |c 1981 
520 |a The book composes two parts: The first part being devoted to fundamental concepts, design to be core of an introductory course in thermodynamics, and the second part, starting with a chapter on elementary statistical mechanics, designed to enable the teacher to choose those applications which require the use of thermodynamics and statistical mechanics. Part 2 also contains such topics as chemical equilibrium, ideal-gas reactions, phase theory, the third law, fuel cells, thermocouples, blackbody radiation, and negative Kelvin temperatures s two parts: The first part being devoted to fundamental concepts, design to be core of an introductory course in thermodynamics, and the second part, starting with a chapter on elementary statistical mechanics, designed to enable the teacher to choose those applications which require the use of thermodynamics and statistical mechanics. Part 2 also contains such topics as chemical equilibrium, ideal-gas reactions, phase theory, the third law, fuel cells, thermocouples, blackbody radiation, and negative Kelvin temperatures 
650 |a Heat,Thermodynamics 
904 |i Minh, 970404 
980 |a Trung tâm Học liệu Trường Đại học Cần Thơ